| 000 | 01134nam a2200325 a 4500 | ||
|---|---|---|---|
| 001 | 000109939 | ||
| 003 | CHAP | ||
| 005 | 20220329144109.0 | ||
| 008 | 140611s2012 mx ad |r| ||0|||spa d | ||
| 010 | _a106401 | ||
| 011 | _a107373 | ||
| 020 | _a9786077652205 | ||
| 040 | _cCHAP | ||
| 082 |
_a303.483 _bF93 |
||
| 111 | 1 | 0 |
_aSimposio Anáhuac de Investigación _n(8o. : _d2012 : _cD.F., Méx.) _9127281 |
| 245 | 1 | 0 |
_aFrontera del conocimiento e innovación / _ccoordinado por Jesús Heraclio del Rio Martínez. |
| 260 |
_aHuixquilucan, Edo de México : _bUniversidad Anáhuac México Norte, _c2012. |
||
| 300 |
_a150 p. : _bil., gráfs. |
||
| 590 |
_aE11695DGD _b10 _c20141027 _lUCH01 _h1335 |
||
| 590 |
_aE5652GLJ _b05 _c20140611 _lUCH01 _h1150 |
||
| 590 |
_aE5652GLJ _b05 _c20140611 _lUCH01 _h1441 |
||
| 590 |
_aE5652GLJ _b05 _c20140611 _lUCH01 _h1441 |
||
| 590 |
_aE5652GLJ _b05 _c20140612 _lUCH01 _h0945 |
||
| 650 | 1 | 4 |
_aCiencia _xEstudio y enseñanza _xMéxico. _923121 |
| 650 | 1 | 4 |
_aInnovaciones tecnológicas. _958829 |
| 700 | 1 |
_aRio Martínez, Jesús Heraclio del _ecoord. _9127284 |
|
| 901 | _aBK | ||
| 942 | _cLIBRO | ||
| 942 | _n0 | ||
| 999 |
_c106401 _d106401 |
||